00442nam a2200157Ia 45000010006000000050017000060080041000230410008000640820015000721000036000872450108001232600009002313000028002406500008002686540008002762226320260414150819.0260414t1997||||xx |||||||||||||| ||spa|| aESP a621.3bM84 aMendoza Villena, MonserrateAUT 0aProblemas de análisis de circuitos eléctricos :bcorriente continua. Corriente alterna monofásica c1997 a141 páginas :c24 cm. aTCA aCET